Most Common Ethnicities in the United States - Statistics

General Stats
  • This quiz has been taken 128 times
  • The average score is 23 of 31
Answer Stats
Highest % in: % nationwide Answer % Correct
Wisconsin 13.6% German
95%
New Hampshire 11.9% Irish
93%
California 1.6% Chinese
92%
Maine 7.4% French
92%
New Mexico 0.6% Spanish
92%
Connecticut 5.4% Italian
91%
New Mexico 11.2% Mexican
91%
Hawaii 0.5% Japanese
90%
Utah 14.1% English
88%
New Jersey 1.5% Indian
86%
Minnesota 1.2% Swedish
86%
Hawaii 0.6% Korean
83%
North Dakota 0.6% Russian
82%
Illinois 2.7% Polish
81%
Rhode Island 0.4% Portuguese
81%
Mississippi 14.2% Black American
79%
South Dakota 0.9% Dutch
79%
Florida 0.7% Cuban
73%
North Dakota 1.0% Norwegian
73%
Georgia 3.6% Scottish
72%
Hawaii 1.3% Filipino
70%
California 0.7% Vietnamese
68%
Utah 0.5% Welsh
59%
Florida 0.4% Colombian
54%
Maine 0.5% French Canadian
54%
Rhode Island 0.7% Dominican
52%
Puerto Rico 1.8% Puerto Rican
52%
Rhode Island 0.6% Guatemalan
51%
Ohio 0.4% Hungarian
45%
Maryland 0.7% Salvadoran
41%
North Carolina 0.8% Scotch-Irish (Ulster)
19%
No matching quizzes found
Score Distribution
Percent of People with Each Score
Percentile by Number Answered
Your Score History
You have not taken this quiz